000 00268nam a2200109Ia 4500
008 190216s9999||||xx |||||||||||||| ||und||
100 _aUlloor S Parameswara Aiyer
245 0 _aKarna Booshanam
260 _bUlloor Publishers
_c1967
650 _aKavithkal
942 _cBK
999 _c26447
_d26447